| 000 | 00624nam a22001337a 4500 | ||
|---|---|---|---|
| 040 | _cRUA | ||
| 082 | _aAGR KHA 2013 B057 Or.1 | ||
| 100 | _aKHAN, CHANNAVORN. | ||
| 245 | _aDamage level of golden apple snail on rice plantatfive cropages, កំរិតបំផ្លាញរបស់ខ្យងមាសស៊ីស្រូវទៅលើដំណាំស្រូវនៅប្រាំអាយុកាលខុសៗគ្នា | ||
| 260 |
_aPhnom Penh _bRUA _c2013 |
||
| 300 |
_aix; 60p. _bill. _c29cm. |
||
| 856 | _uhttps://drive.google.com/file/d/1xvQWcYaBmrmYcir4EbXidlkT5CuSZOqy/view?usp=sharing | ||
| 942 | _cAGR | ||
| 999 |
_c1313 _d1313 |
||